000 00384nam a2200181Ia 4500
005 20240823061808.0
008 240823s9999||||xx |||||||||||||| ||und||
041 _aENGLISH
082 _A821 Q1
100 _aSubramanian
245 0 _aAandal
250 _a2nd
260 _c2011
_bBooks on W
500 _aDISPLAY
650 _aTamil
_bGeneral
942 _cBK
999 _c234373
_d234373